000 00712nam a2200253Ia 4500
003 OSt
005 20221006153735.0
006 a|||||r|||| 00| 0
007 ta
008 221006b |||||||| |||| 00| 0 chi d
020 _a9789578491946
024 _a33,203
037 _bGIFT, PRC
_cAnnuals, Advances
040 _aEASL
_cEASL
_bchi
041 _2chi
_achi
082 _aY:356.4295, P3
100 _aQUN Xiang Au.
_9665217
245 0 _aTaiwan dao min sheng ming li su
260 _aTaibei
_bChang min wen hua shi ye you
_c2003
300 _a301p.
_ccm.
650 _aCL
_9642733
942 _hY:356.4295, P3
_cREF
_2CC
999 _c1101289
_d1101289